ბათუმის შოთა რუსთაველის სახელმწიფო უნივერსიტეტის ბიბლიოთეკა

ორგანული ქიმიის ძირითადი საწყისები. ტ.1. სახელმძღვ. / (ბიბ.ჩანაწერი № 40357)

000 -ლიდერი
ფიქსირებული სიგრძის საკონტროლო ველი 01047nam a2200229Ia 4500
001 - საკონტროლო ნომერი
საკონტროლო ველი 6965
003 - საკონტროლო ნომრის იდენტიფიკატორი
საკონტროლო ველი GE_BSU
005 - ბოლო ოპერაციის თარიღი და დრო
საკონტროლო ველი 20190530142229.0
008 - ფიქსირებული სიგრძის მონაცემთა ელემენტები - ზოგადი ინფორმაცია
ფიქსირებული სიგრძის საკონტროლო ველი 181216s1972||||ge |||||||||||||| ||geo||
040 ## - კატალოგიზაციის წყარო
Transcribing agency GE_BSU
041 ## - ენის კოდი
Language code of text/sound track or separate title geo
080 ## - უნივერსალური ათობითი კლასიფიკაციის ინდექსი
Universal Decimal Classification number 547+547.64(075.8) ჩ-71
100 ## - მთავარი ჩანაწერი - პიროვნების სახელი
Personal name ჩიჩიბაბინი, ა.ე.
9 (RLIN) 1828
245 ## - ცნობა სათაურის შესახებ
Title ორგანული ქიმიის ძირითადი საწყისები. ტ.1. სახელმძღვ. /
Statement of responsibility, etc ა.ე. ჩიჩიბაბინი ; ი. გვერდწითელის რედაქციით.
250 ## - გამოცემის ცნობა
Edition statement თარგმ. მეშვიდე გამ-დან.
264 ## - წარმოების, გამოცემის, დისტრიბუციის და სხვა ცნობები
გამოცემის, წარმოების, დისტრიბუციის... ადგილი თბილისი :
გამოცემის, წარმოების, დისტრიბუციის... სახელწოდება უნ-ტის გამ-ბა,
გამოცემის, წარმოების, დისტრიბუციის... თარიღი 1972.
300 ## - ფიზიკური აღწერა
Extent 794 გვ .:
Dimensions 26 სმ.
653 ## - INDEX TERM--UNCONTROLLED
Uncontrolled term ორგანული ქიმიის ძირითადი საწყისები
653 ## - INDEX TERM--UNCONTROLLED
Uncontrolled term ქიმია
700 ## - ADDED ENTRY--PERSONAL NAME
Personal name გვერდწითელი, ი
Relator term რედაქციით
9 (RLIN) 1829
942 ## - ADDED ENTRY ELEMENTS (KOHA)
Koha item type წიგნი
Source of classification or shelving scheme
ეგზემპლარები
ჩამოწერის სტატუსი დაკარგული ეგზემპლარის სტატუსი კლასიფიკაციის წყარო ან თაროზე გაწყობის სქემა დაზიანების სტატუსი არ გაიცემა მუდმივი მდებარეობა (დაცვის ადგილი) ამჟამინდელი ადგილსამყოფელი თაროზე განთავსების ადგილი შეძენის თარიღი ღირებულება, შესყიდვის ნორმალური ფასი სრული შენახვის შიფრი შტრიხკოდი ბოლო ოპერაციის თარიღი ეგზემპლარის მიმდევრობითი ნომერი (კეტერი?) ფასის ძალაში შესვლის თარიღი ეგზემპლარის სახეობა საჯარო შენიშვნა
          ტექნოლოგიური ფაკულტეტის ბიბლიოთეკა ტექნოლოგიური ფაკულტეტის ბიბლიოთეკა წიგნსაცავი 2018-12-17 5.00 547+547.64(075.8) ჩ-71 9728 2018-12-17 9728 2018-12-17 წიგნი 5 ლ. 90 თ.
          ტექნოლოგიური ფაკულტეტის ბიბლიოთეკა ტექნოლოგიური ფაკულტეტის ბიბლიოთეკა წიგნსაცავი 2018-12-17 5.00 547+547.64(075.8) ჩ-71 9729 2018-12-17 9729 2018-12-17 წიგნი 5 ლ. 90 თ.
          ტექნოლოგიური ფაკულტეტის ბიბლიოთეკა ტექნოლოგიური ფაკულტეტის ბიბლიოთეკა წიგნსაცავი 2018-12-17 5.00 547+547.64(075.8) ჩ-71 9730 2018-12-17 9730 2018-12-17 წიგნი 5 ლ. 90 თ.
          ტექნოლოგიური ფაკულტეტის ბიბლიოთეკა ტექნოლოგიური ფაკულტეტის ბიბლიოთეკა წიგნსაცავი 2018-12-17 5.00 547+547.64(075.8) ჩ-71 9731 2018-12-17 9731 2018-12-17 წიგნი 5 ლ. 90 თ.